| 000 | 00834nas a2200277 4500 | ||
|---|---|---|---|
| 001 | BR9501565 | ||
| 003 | BR-BrBNA | ||
| 005 | 20231205093926.0 | ||
| 007 | ta | ||
| 008 | 230509b bl.|||p| |||| 00| 00por d | ||
| 040 |
_aBR-BrBNA _bpor _cBiblioteca Nacional de Agricultura |
||
| 041 | _a(Pt) | ||
| 072 | _aM12; L53 | ||
| 100 | 1 | _aKavamoto, E.T. | |
| 100 | 1 | _aSilveira, W.F. da | |
| 100 | 1 | _aGodinho, H.M. | |
| 100 | 1 | _aRomagosa, E. | |
| 245 | 1 | _aFertilizacao em Prochilodus scrofa Steindachner 1881, com semen criopreservado em nitrogenio liquido | |
| 650 | _aCurimata | ||
| 650 | _aSemen | ||
| 650 | _aCongelamento | ||
| 650 | _aSao Paulo | ||
| 773 | 0 |
_tBoletim do Instituto de Pesca (Brazil) _xISSN 0046-9939 _g(1989), v. 16(1) p. 29-36 _wBR9501565 |
|
| 909 |
_a202311 _bLúcia _c55 _dLúcia Elande |
||
| 942 |
_2AGRIS _n0 _cANA |
||
| 999 |
_c141132 _d141132 |
||